000 00512nam a2200193Ia 4500
003 OSt
005 20230530110432.0
008 210423s1988 xx 000 0 und d
040 _cAL
082 _a330
_223
_bAGAE
100 _aAGARWALA (A N);SINGH (S P)
_9116516
245 _aEconomics of underdevelopment
260 _aDelhi
_bOxford University Press
_c1988
365 _cINR
650 _aEconomics
_9116517
650 _aEconomics
_9116517
906 _aEconomics ; underdevelopment
942 _2ddc
_cBK
999 _c174471
_d174471